| 000 | 00618nam a2200181 i 4500 | ||
|---|---|---|---|
| 001 | 22645 | ||
| 003 | ES-MaACL | ||
| 005 | 20230906152731.0 | ||
| 007 | t| | ||
| 008 | 021204s1981 sp ||||1| spa d | ||
| 100 | 1 |
_aAltares, Pedro. _920521 |
|
| 245 | 1 | 3 |
_aLa autonomía de Segovia y la reivindicación regional de Castilla / _cPedro Altares, Manuel González Herrero, Ansemo Carretero. |
| 260 |
_a[Segovia : _bComunidad Castellana, _c1981] |
||
| 300 |
_a36 p. ; _c21 cm. |
||
| 700 | 1 |
_aGonzález Herrero, Manuel. _958712 |
|
| 700 | 1 |
_aCarretero y Jiménez, Anselmo. _935729 |
|
| 852 |
_aES-MaACL _j2120-F-18 _bR.103014 |
||
| 999 |
_c22645 _d22645 |
||